Lubang hitam dan jagat bayi : (Record no. 22332)

MARC details
000 -LEADER
fixed length control field 00715nam a2200241 i 4500
001 - CONTROL NUMBER
control field C2-0099655
003 - CONTROL NUMBER IDENTIFIER
control field PPAK
005 - DATE AND TIME OF LATEST TRANSACTION
control field 20180727094859.0
008 - FIXED-LENGTH DATA ELEMENTS--GENERAL INFORMATION
fixed length control field 970526s1995 io |||| ||||| | may d
020 ## - INTERNATIONAL STANDARD BOOK NUMBER
International Standard Book Number 9796051729
040 ## - CATALOGING SOURCE
Original cataloging agency PPAK
Language of cataloging eng
Transcribing agency PPAK
Description conventions rda
082 04 - DEWEY DECIMAL CLASSIFICATION NUMBER
Classification number 500
Edition number 23
090 00 - LOCALLY ASSIGNED LC-TYPE CALL NUMBER (OCLC); LOCAL CALL NUMBER (RLIN)
Classification number (OCLC) (R) ; Classification number, CALL (RLIN) (NR) 500
Feature heading HAW
Feature heading G
100 1# - MAIN ENTRY--PERSONAL NAME
Personal name Hawking, Stephen,
Relator term author
245 10 - TITLE STATEMENT
Title Lubang hitam dan jagat bayi :
Remainder of title dan esai-esai lain = black holes and baby universes and other essays
264 #1 - PRODUCTION, PUBLICATION, DISTRIBUTION, MANUFACTURE, AND COPYRIGHT NOTICE
Place of production, publication, distribution, manufacture Jakarta, Indonesia :
Name of producer, publisher, distributor, manufacturer Gramedia Pustaka Utama ,
Date of production, publication, distribution, manufacture, or copyright notice 1995
300 ## - PHYSICAL DESCRIPTION
Extent ix, 186 pages ;
Dimensions 23 cm
336 ## - CONTENT TYPE
Source rdacontent
Content type term text
337 ## - MEDIA TYPE
Source rdamedia
Media type term unmediated
338 ## - CARRIER TYPE
Source rdacarrier
Carrier type term volume
650 10 - SUBJECT ADDED ENTRY--TOPICAL TERM
Topical term or geographic name entry element Science
942 ## - ADDED ENTRY ELEMENTS (KOHA)
-- dc
Koha item type Book
Holdings
Withdrawn Not for loan Current library Shelving location Date acquired Full call number Barcode Date last seen Koha item type
    Perpustakaan Alor Setar Pinjaman Dewasa 26/07/1997 500 HAW A00004283 08/05/2018 Book
    Perpustakaan Awam Sungai Petani Pinjaman Dewasa 26/05/1997 500 HAW A00004284 08/05/2018 Book